000 01066cam5a220026500 4500
001 lce01379911
008 831227s1981 enkab b 100 0 eng
010 _a 81177862
020 _a0860940764 (pbk.)
035 _a(Sirsi) r14696
035 _a(DLC) 81177862
035 _a(UPRA)lce01379911
050 0 _aQC884
_b.Q33 1981
082 0 _a551.6
_219
245 0 0 _aQuaternary paleoclimate /
_cedited by W.C. Mahaney.
260 _aNorwich, England :
_bGeo Abstracts,
_c[1981?]
500 _aPapers from a conference held at York University, May 18-20, 1979.
504 _aIncludes bibliographies.
650 0 _aPaleoclimatology -- Congresses.
_xPaleoclimatology -- Congresses.
_6S53380.1
650 0 _aGeology, Stratigraphic -- Quaternary -- Congresses.
_yGeology, Stratigraphic -- Quaternary -- Congresses.
_xGeology, Stratigraphic -- Quaternary -- Congresses.
_6S8057.1
700 1 _aMahaney, W. C.
_6A70736.1
710 2 _aYork University (Toronto, Ont.)
_6A70737.1
949 _aQC884
_wlcc
_i33729000219415
_mMAIN
_p2500
_tBOOK
_lON-SHELF
004 14696
999 _c152407
_d152407